[Event "Detroit op"]
[Site "Detroit"]
[Date "1999.12.18"]
[Round "2"]
[White "Sturdivant, Ashley"]
[Black "Coleman, Keyanna"]
[Result "1-0"]
[WhiteElo "774"]
[BlackElo "333"]
[PlyCount "55"]
[EventDate "1999.12.18"]
[EventType "swiss"]
[EventRounds "6"]
[EventCountry "USA"]
[SourceTitle "EXT 2007"]
[Source "ChessBase"]
[SourceDate "2006.11.23"]
[SourceVersion "1"]
[SourceVersionDate "2006.11.23"]
[SourceQuality "1"]

1. e4 Nc6 2. Nf3 e6 3. Bc4 d5 4. exd5 exd5 5. Bb5 a6 6. Bxc6+ bxc6 7. 0-0 f6 8. Nc3 g5 9. Re1+ Kf7 10. Nd4 c5 11. Nb3 c4 12. Na5 Rb8 13. Nc6 Qd6 14. Nxb8 Bd7 15. Nxd7 Qxd7 16. d3 cxd3 17. Qxd3 Ne7 18. Rxe7+ Qxe7 19. Nxd5 c6 20. Nxe7 Bxe7 21. Qxa6 f5 22. Qxc6 Rd8 23. Be3 f4 24. Bb6 Rd6 25. Qc7 g4 26. Bc5 Ra6 27. Qxe7+ Kg8 28. Qf8# 1-0